000 00715nam a2200253Ia 4500
003 OSt
005 20221005035111.0
006 a|||||r|||| 00| 0
007 ta
008 221004b |||||||| |||| 00| 0 eng d
020 _c90
024 _a4352
037 _b8558, 25/03/2013, Bookwell Publications
_cTextual
040 _aCRL
_cCRL
_beng
041 _2eng
_aeng
082 _aQ7:4, N9
100 _aBijli S. M.
_9587959
245 0 _aDharmic culture and islam
260 _aDelhi
_bIdarah i Adabiyat i Delli India
_c1999
300 _axx, 57p.
_ccm.
650 _aRELIGION
942 _hQ7:4, N9
_cTEXL
_2cc
999 _c944582
_d944582